| Tag |
First Indicator |
Second Indicator |
Subfields |
| LEADER |
00000cam a2200000 a 4500 |
| 001 |
in00001421913 |
| 005 |
20151020073255.0 |
| 008 |
971007s1997 ne a b 001 0 eng |
| 010 |
|
|
|a 97038869
|
| 020 |
|
|
|a 9027216290 (Eur. : alk. paper)
|
| 020 |
|
|
|a 1556197101 (US : alk. paper)
|
| 035 |
|
|
|a (OCoLC)37792485
|
| 035 |
|
|
|9 AHQ4307AM
|
| 040 |
|
|
|a DLC
|c DLC
|d TXA
|d UtOrBLW
|
| 049 |
|
|
|a TXAM
|
| 050 |
0 |
0 |
|a P306.2
|b .T49 1997
|
| 082 |
0 |
0 |
|a 418/.02
|2 21
|
| 245 |
0 |
0 |
|a Text typology and translation /
|c edited by Anna Trosborg.
|
| 264 |
|
1 |
|a Amsterdam ;
|a Philadelphia :
|b J. Benjamins,
|c [1997]
|
| 264 |
|
4 |
|c ©1997
|
| 300 |
|
|
|a xvi, 345 pages :
|b illustrations ;
|c 23 cm.
|
| 336 |
|
|
|a text
|b txt
|2 rdacontent
|
| 337 |
|
|
|a unmediated
|b n
|2 rdamedia
|
| 338 |
|
|
|a volume
|b nc
|2 rdacarrier
|
| 490 |
1 |
|
|a Benjamins translation library,
|x 0929-7316 ;
|v v. 26
|
| 504 |
|
|
|a Includes bibliographical references and index.
|
| 650 |
|
0 |
|a Translating and interpreting.
|
| 650 |
|
0 |
|a Discourse analysis.
|
| 650 |
|
0 |
|a Typology (Linguistics)
|
| 700 |
1 |
|
|a Trosborg, Anna,
|d 1937-
|
| 830 |
|
0 |
|a Benjamins translation library.
|x 0929-7316 ;
|v v. 26.
|
| 948 |
|
|
|a c:cer
|
| 999 |
|
|
|a MARS
|
| 999 |
f |
f |
|s c5369ab7-198e-3a7c-82eb-ac829be7542f
|i e7c7f106-76fa-3499-a3d5-b306c66fdd5e
|t 0
|
| 952 |
f |
f |
|p ric
|a Texas A&M University
|b Rellis Campus
|c Joint Library Facility
|d Remote Storage
|t 0
|e P306.2 .T49 1997
|h Library of Congress classification
|i unmediated -- volume
|m A14828816529
|
| 998 |
f |
f |
|a P306.2 .T49 1997
|t 0
|l Remote Storage
|